Loading...
| Fine Arts - Auditory | 1 | 0.00 | 0% | 0% | 0% |
| Fine Arts - Other | 5 | 10.00 | 80% | 20% | 0% |
| Fine Arts - Visual | 1 | 0.00 | 0% | 0% | 0% |
| Geography | 4 | 10.00 | 75% | 0% | 25% |
| History - American | 1 | 10.00 | 100% | 0% | 0% |
| History - Ancient | 1 | 10.00 | 100% | 0% | 0% |
| History - Ancient/Other | 1 | 10.00 | 100% | 0% | 0% |
| History - European | 4 | 15.00 | 100% | 50% | 0% |
| History - World | 4 | 7.50 | 75% | 0% | 0% |
| Literature - American | 3 | 16.67 | 100% | 67% | 0% |
| Literature - British | 3 | 10.00 | 100% | 0% | 0% |
| Literature - World | 4 | 10.00 | 75% | 25% | 0% |
| Philosophy | 2 | 5.00 | 50% | 0% | 0% |
| Religion | 3 | 6.67 | 67% | 0% | 0% |
| Science - Biology | 6 | 10.00 | 83% | 17% | 0% |
| Science - Chemistry | 3 | 10.00 | 100% | 0% | 0% |
| Science - Other | 1 | 0.00 | 0% | 0% | 0% |
| Science - Physics | 3 | 10.00 | 100% | 0% | 0% |
| Social Science | 2 | 10.00 | 100% | 0% | 0% |